000
00325pab a2200145 454500
008
180718b2001 xxu||||| |||| 00| 0 eng d
100
_a
Gill, K.P.S.
245
_a
De-legitimise terror as state policy
260
_c
2001
300
_a
P.6
362
_a
17 Nov
650
_a
Terrorism
773
_a
Pioneer
909
_a
50999
999
_c
50999
_d
50999